[Event "26th WSCC 2016 Women 50+"]
[Site "Marianske Lazne, Czech Republic - Hotel Cristal"]
[Date "2016.11.21"]
[Round "3.2"]
[White "Makropoulou, Marina"]
[Black "Wagner-Michel, Annett"]
[Result "1/2-1/2"]
[WhiteElo "2119"]
[BlackElo "2130"]
[PlyCount "153"]
[EventDate "2016.11.19"]

1. e4 c5 2. Nf3 Nc6 3. d4 cxd4 4. Nxd4 Nf6 5. Nc3 d6 6. Bg5 e6 7. Qd2 a6 8.
O-O-O Bd7 9. f4 b5 10. Bxf6 gxf6 11. Kb1 b4 12. Nce2 Qa5 13. g3 Be7 14. Bg2 Rc8
15. Nxc6 Bxc6 16. Nd4 Ba4 17. Rhe1 O-O 18. f5 e5 19. Nb3 Qb6 20. Bf1 a5 21. Qe3
Qc7 22. Rc1 Rfd8 23. Red1 Bf8 24. Rd5 Ra8 25. c3 Bxb3 26. axb3 Qa7 27. Qxa7
Rxa7 28. Bb5 Rc8 29. c4 Raa8 30. Rcd1 Be7 31. Ba4 Ra7 32. Kc2 Rc5 33. R5d3 Bf8
34. Kd2 Be7 35. Ke2 Kg7 36. Kf3 Ra8 37. Kg4 Kh6 38. Ra1 Rg8+ 39. Kf3 Ra8 40.
Bb5 Kg7 41. Rdd1 Kf8 42. Ra4 Rcc8 43. Kg4 Kg7 44. Kh5 Ra7 45. Rda1 Bd8 46. Rxb4
Bb6 47. Rba4 Rcc7 48. Rd1 Bc5 49. Raa1 Ra8 50. Rd5 Bb4 51. Rad1 Rg8 52. Kg4
Kf8+ 53. Kf3 Ke7 54. Ba4 Bc5 55. R5d2 Rb8 56. Bb5 Rg8 57. Rg2 Rcc8 58. Ra1 Bb4
59. Rgg1 Rc7 60. Rgd1 Rc5 61. Ra4 Rc7 62. Rda1 Rb8 63. Ke3 Bc5+ 64. Kd3 Bb4 65.
Ke3 Bc5+ 66. Kf3 Bb4 67. Rg1 Rg8 68. Raa1 Rcc8 69. Rg2 Rg7 70. g4 Rc7 71. Rg3
Rc8 72. Rag1 Rcg8 73. Rd1 Bc5 74. Ra1 Bb4 75. Rd1 Bc5 76. Ra1 Bb4 77. Rd1
1/2-1/2

[Event "26th WSCC 2016 Women 50+"]
[Site "Marianske Lazne, Czech Republic - Hotel Cristal"]
[Date "2016.11.21"]
[Round "3.3"]
[White "Berend, Elvira"]
[Black "Kasoshvili, Tsiala"]
[Result "1-0"]
[WhiteElo "2349"]
[BlackElo "2117"]
[PlyCount "71"]
[EventDate "2016.11.19"]

1. e4 c6 2. d4 g6 3. d5 Nf6 4. Nc3 d6 5. Nf3 Bg7 6. Be2 O-O 7. O-O a6 8. a4 a5
9. Nd4 Qc7 10. Be3 Nbd7 11. f4 Nc5 12. Bf3 cxd5 13. Ndb5 Qd8 14. e5 Nfd7 15.
Nxd5 dxe5 16. fxe5 Ne6 17. Qe2 Bxe5 18. Rad1 Ra6 19. c3 Ng7 20. Bg5 f6 21. Bh6
Rf7 22. Bf4 Re6 23. Qc4 Rc6 24. Qa2 Bxf4 25. Nxf4 Qb6+ 26. Kh1 Rc5 27. Bd5 e6
28. Bxe6 Nxe6 29. Nxe6 Rc6 30. Ng5 Ne5 31. Nxf7 Nxf7 32. Qd5 Kg7 33. Rde1 Rc5
34. Qd4 Ne5 35. Nd6 Bd7 36. Nxb7 1-0

[Event "26th WSCC 2016 Women 50+"]
[Site "Marianske Lazne, Czech Republic - Hotel Cristal"]
[Date "2016.11.21"]
[Round "3.4"]
[White "Liu, Shilan"]
[Black "Strutinskaia, Galina"]
[Result "1/2-1/2"]
[WhiteElo "2249"]
[BlackElo "2266"]
[PlyCount "133"]
[EventDate "2016.11.19"]

1. e4 c5 2. c3 Nf6 3. e5 Nd5 4. Nf3 Nc6 5. d4 cxd4 6. cxd4 d6 7. Bc4 e6 8. O-O
Be7 9. Bd2 O-O 10. Nc3 Nxc3 11. Bxc3 b6 12. Qe2 Bb7 13. Bd3 dxe5 14. dxe5 Nb4
15. Bxb4 Bxb4 16. Rfd1 Bxf3 17. Qxf3 Qh4 18. g3 Qh6 19. a3 Be7 20. Qb7 Bc5 21.
b4 Rab8 22. Qe4 Be7 23. Rac1 Bd8 24. Rc6 g6 25. f4 Qh3 26. Bf1 Qg4 27. Be2 Qh3
28. Bf1 Qg4 29. Rd3 b5 30. Kg2 Bb6 31. Be2 Qf5 32. Qxf5 gxf5 33. Rd7 Rfd8 34.
Rdd6 Rbc8 35. Bxb5 Kf8 36. Rxc8 Rxc8 37. Bc6 Rd8 38. Rxd8+ Bxd8 39. Kf3 f6 40.
a4 Bc7 41. exf6 Kf7 42. g4 fxg4+ 43. Kxg4 Kxf6 44. Be4 Kg7 45. h3 Bd8 46. b5
Bc7 47. Bc2 h6 48. f5 exf5+ 49. Kxf5 Kf7 50. Bb3+ Kg7 51. Ke6 Bb6 52. Kd6 Be3
53. Kc6 Bb6 54. Kb7 Be3 55. a5 Bd4 56. Kc6 Be3 57. b6 axb6 58. axb6 h5 59. b7
Bf4 60. Kd7 h4 61. Kc8 Kh8 62. b8=Q Bxb8 63. Kxb8 Kg7 64. Kc7 Kh8 65. Kd6 Kg7
66. Ke5 Kh8 67. Kf4 1/2-1/2

[Event "26th WSCC 2016 Women 50+"]
[Site "Marianske Lazne, Czech Republic - Hotel Cristal"]
[Date "2016.11.21"]
[Round "3.5"]
[White "Schulz, Petra"]
[Black "Burchardt, Brigitte"]
[Result "1/2-1/2"]
[WhiteElo "2101"]
[BlackElo "2204"]
[PlyCount "73"]
[EventDate "2016.11.19"]

1. e4 c5 2. Nf3 d6 3. Bb5+ Bd7 4. Bxd7+ Qxd7 5. c4 Nc6 6. Nc3 Nf6 7. d4 cxd4 8.
Nxd4 g6 9. h3 Bg7 10. Be3 O-O 11. O-O Rfe8 12. Rc1 Rac8 13. b3 a6 14. Qd3 Qd8
15. f4 Nd7 16. Rcd1 Qa5 17. Kh1 Nc5 18. Qd2 Nxd4 19. Bxd4 Bxd4 20. Qxd4 b5 21.
f5 bxc4 22. bxc4 Nd7 23. Nd5 Qc5 24. f6 exf6 25. Nxf6+ Nxf6 26. Qxf6 Qxc4 27.
Rxd6 Rxe4 28. Rxa6 Re2 29. Ra7 Rf8 30. a4 Ra2 31. Qf4 Qc2 32. Qf3 Qc4 33. a5
Qe6 34. Qd3 Qc6 35. Qf3 Qe6 36. Qd3 Qc6 37. Qf3 1/2-1/2

[Event "26th WSCC 2016 Women 50+"]
[Site "Marianske Lazne, Czech Republic - Hotel Cristal"]
[Date "2016.11.21"]
[Round "3.6"]
[White "Mednikova, Svetlana"]
[Black "Mira, Helene"]
[Result "1/2-1/2"]
[WhiteElo "2195"]
[BlackElo "2047"]
[PlyCount "144"]
[EventDate "2016.11.19"]

1. e4 g6 2. d4 Bg7 3. Nc3 c6 4. Bc4 d5 5. exd5 b5 6. Bb3 b4 7. Ne4 cxd5 8. Nc5
Nf6 9. Ba4+ Nbd7 10. Bf4 Qb6 11. Nf3 O-O 12. Nxd7 Bxd7 13. Bxd7 Nxd7 14. O-O
Rfc8 15. Re1 e6 16. Qd3 Rc4 17. Red1 Rac8 18. Rd2 Qc6 19. Rc1 a5 20. a3 Bf8 21.
axb4 Rxb4 22. c3 Rb3 23. Rdc2 Qb6 24. Rb1 a4 25. Nd2 Rb5 26. h3 Qb7 27. Ra1
Rxb2 28. Rxa4 Rxc2 29. Qxc2 Nb6 30. Ra1 Qc6 31. Nb1 Qc4 32. Qa2 Qc6 33. Qb3 Nc4
34. Nd2 Bd6 35. Bh6 Nxd2 36. Bxd2 Rb8 37. Qa2 Qb5 38. Be3 Qd3 39. Qd2 Qxd2 40.
Bxd2 Kg7 41. Kf1 h5 42. Ke2 Rb2 43. Kd3 g5 44. g3 Kg6 45. Ra6 Be7 46. Ra7 Bf6
47. Ra1 Bg7 48. Be3 Bf6 49. Bd2 Be7 50. Ra7 Bf8 51. Ra1 Bh6 52. Ra7 Rb1 53. c4
dxc4+ 54. Kxc4 Rd1 55. Be3 Bg7 56. Rd7 Bf6 57. d5 exd5+ 58. Rxd5 Rh1 59. Rd6
Kf5 60. g4+ hxg4 61. hxg4+ Ke5 62. Rb6 Bd8 63. Rb5+ Ke4 64. Bxg5 Bxg5 65. Rxg5
Rc1+ 66. Kb3 Kf3 67. Rf5+ Kxg4 68. Rxf7 Kg5 69. Kb2 Rc8 70. Rf3 Kg4 71. Rf7 Kg5
72. Kb3 Kg4 1/2-1/2

[Event "26th WSCC 2016 Women 50+"]
[Site "Marianske Lazne, Czech Republic - Hotel Cristal"]
[Date "2016.11.21"]
[Round "3.7"]
[White "Sirotkina, Nina"]
[Black "Birkholz, Olga"]
[Result "1/2-1/2"]
[WhiteElo "2178"]
[BlackElo "2064"]
[PlyCount "41"]
[EventDate "2016.11.19"]

1. d4 f5 2. c4 Nf6 3. Nc3 g6 4. Nf3 Bg7 5. g3 c6 6. Bg2 O-O 7. O-O Kh8 8. Qd3
Na6 9. a3 d6 10. Bf4 Nh5 11. b4 Nxf4 12. gxf4 c5 13. b5 Nc7 14. d5 Ne8 15. Rac1
Nf6 16. Nd2 Nh5 17. e3 Bd7 18. Rb1 Rg8 19. Rfc1 Nf6 20. a4 Bh6 21. Nf3 1/2-1/2

[Event "26th WSCC 2016 Women 50+"]
[Site "Marianske Lazne, Czech Republic - Hotel Cristal"]
[Date "2016.11.21"]
[Round "3.8"]
[White "Korinkova, Eva"]
[Black "Sazonova, Elena N"]
[Result "0-1"]
[WhiteElo "1792"]
[BlackElo "2113"]
[PlyCount "84"]
[EventDate "2016.11.19"]

1. e4 c5 2. Nc3 e6 3. g3 Nc6 4. Bg2 g6 5. Nge2 Bg7 6. d3 d6 7. O-O Nge7 8. f4
O-O 9. Be3 Nd4 10. Rb1 Nec6 11. a3 a5 12. g4 f5 13. g5 Rb8 14. Ng3 Bd7 15. Nce2
b5 16. c3 Nxe2+ 17. Nxe2 b4 18. axb4 axb4 19. h4 Qe7 20. d4 Na5 21. e5 cxd4 22.
cxd4 Nc4 23. Kf2 Rfc8 24. Rh1 Bb5 25. h5 d5 26. hxg6 hxg6 27. Qb3 Na5 28. Qd1
Nc4 29. Bc1 Ra8 30. Qb3 Na5 31. Qh3 Rc2 32. Bf3 Nb3 33. Be3 Kf7 34. Qf1 Qc7 35.
Qd1 Qc4 36. Re1 Ra2 37. Kg1 Raxb2 38. Rxb2 Rxb2 39. Ng3 Qc3 40. Bc1 Rb1 41.
Nxf5 gxf5 42. Bxd5 Qxe1+ 0-1

[Event "26th WSCC 2016 Women 50+"]
[Site "Marianske Lazne, Czech Republic - Hotel Cristal"]
[Date "2016.11.21"]
[Round "3.9"]
[White "Ivanova, Tatiana"]
[Black "Baliuniene, Margarita"]
[Result "1-0"]
[WhiteElo "2108"]
[BlackElo "1877"]
[PlyCount "49"]
[EventDate "2016.11.19"]

1. d4 d5 2. Bf4 Nf6 3. e3 e6 4. Nd2 c5 5. c3 Nc6 6. Bd3 Bd6 7. Bg5 e5 8. dxe5
Nxe5 9. Bc2 O-O 10. Ngf3 Ng6 11. O-O h6 12. Bxg6 hxg5 13. Bc2 g4 14. Ng5 Nh5
15. f4 gxf3 16. Ndxf3 Bg4 17. Qd3 g6 18. Rad1 Qe7 19. Qxd5 Qxe3+ 20. Kh1 Bxh2
21. Kxh2 Qf4+ 22. Kg1 Rad8 23. Qe4 Rxd1 24. Bxd1 Qd6 25. Qxg4 1-0

[Event "26th WSCC 2016 Women 50+"]
[Site "Marianske Lazne, Czech Republic - Hotel Cristal"]
[Date "2016.11.21"]
[Round "3.10"]
[White "Bogumil, Tatiana"]
[Black "Ovlyakuliyeva, Guldjahan"]
[Result "1-0"]
[WhiteElo "2124"]
[BlackElo "1884"]
[PlyCount "93"]
[EventDate "2016.11.19"]

1. Nf3 Nf6 2. c4 e6 3. b3 Be7 4. Bb2 O-O 5. g3 c6 6. Bg2 d5 7. O-O Nbd7 8. d3
Qc7 9. d4 Ne4 10. Qc2 Ndf6 11. Ne5 Bd7 12. f3 Nd6 13. e4 dxc4 14. bxc4 Rfd8 15.
Nd3 Nfe8 16. Nd2 Rab8 17. f4 g6 18. g4 f5 19. gxf5 exf5 20. e5 Nf7 21. a4 Be6
22. a5 Bf8 23. Nf3 b6 24. axb6 axb6 25. Ba3 Bh6 26. Rfc1 Qc8 27. Qf2 Qd7 28. h4
Bg7 29. h5 Bf8 30. hxg6 hxg6 31. Qg3 g5 32. Bxf8 Kxf8 33. fxg5 Kg7 34. Nf4 Nh8
35. Qh4 Kg8 36. Qh6 Nc7 37. Nh5 Ne8 38. g6 Rb7 39. Nf6+ Nxf6 40. exf6 Rc7 41.
Kf2 Qe8 42. f7+ Nxf7 43. gxf7+ Rxf7 44. Rh1 Rg7 45. Qh8+ Kf7 46. Ne5+ Kf6 47.
Rh6+ 1-0

[Event "26th WSCC 2016 Women 50+"]
[Site "Marianske Lazne, Czech Republic - Hotel Cristal"]
[Date "2016.11.21"]
[Round "3.11"]
[White "Milligan, Helen"]
[Black "Khropova, Larisa"]
[Result "1-0"]
[WhiteElo "2053"]
[BlackElo "1981"]
[PlyCount "65"]
[EventDate "2016.11.19"]

1. e4 c5 2. Nf3 e6 3. d4 cxd4 4. Nxd4 Nf6 5. Bd3 Nc6 6. Be3 d5 7. Nxc6 bxc6 8.
Nd2 Qc7 9. O-O Be7 10. c4 O-O 11. Rc1 dxe4 12. Nxe4 c5 13. Nxf6+ Bxf6 14. Qh5
g6 15. Qxc5 Qb7 16. b3 Bd7 17. Qa5 Bc6 18. f3 Rfd8 19. Be2 h5 20. Rfd1 Rdc8 21.
c5 Qb8 22. Ba6 Re8 23. Rd6 Bd5 24. Bb5 Rc8 25. Ba6 Rf8 26. Bh6 Re8 27. Qd2 Be5
28. Qg5 Bxd6 29. cxd6 Qb6+ 30. Kh1 Qd8 31. d7 Rf8 32. Qe5 Qe7 33. Qg7# 1-0

[Event "26th WSCC 2016 Women 50+"]
[Site "Marianske Lazne, Czech Republic - Hotel Cristal"]
[Date "2016.11.22"]
[Round "4.1"]
[White "Wagner-Michel, Annett"]
[Black "Ankudinova, Yelena"]
[Result "1/2-1/2"]
[WhiteElo "2130"]
[BlackElo "2122"]
[PlyCount "94"]
[EventDate "2016.11.19"]

1. e4 c6 2. d4 g6 3. Nf3 d5 4. Nbd2 Bg7 5. c3 Nf6 6. e5 Nfd7 7. Nb3 e6 8. Bg5
Qc7 9. Qd2 h6 10. Bf4 a5 11. h4 h5 12. Bd3 a4 13. Nc1 b6 14. Qc2 Nf8 15. O-O
Ra7 16. Re1 Ba6 17. Qd2 Bxd3 18. Nxd3 Nh7 19. Bh6 O-O 20. Bxg7 Kxg7 21. Ng5 Qe7
22. g3 c5 23. Kg2 Rc8 24. Rac1 Rac7 25. Nf4 Nxg5 26. hxg5 cxd4 27. cxd4 Na6 28.
Rxc7 Qxc7 29. Qd1 Qc2 30. Qxc2 Rxc2 31. Re2 Rc4 32. Rd2 Nb4 33. a3 Nc2 34. Ne2
Kf8 35. g4 hxg4 36. Kg3 Ke7 37. Kxg4 Kd7 38. Rd3 Kc6 39. Kg3 Kb5 40. Nc3+ Ka5
41. Rf3 Rc7 42. Rf4 Ne1 43. Rh4 Nd3 44. Rh8 Ra7 45. Nd1 Nc1 46. Kf3 b5 47. Rb8
Na2 1/2-1/2

[Event "26th WSCC 2016 Women 50+"]
[Site "Marianske Lazne, Czech Republic - Hotel Cristal"]
[Date "2016.11.22"]
[Round "4.2"]
[White "Makropoulou, Marina"]
[Black "Berend, Elvira"]
[Result "1/2-1/2"]
[WhiteElo "2119"]
[BlackElo "2349"]
[PlyCount "86"]
[EventDate "2016.11.19"]

1. e4 d5 2. exd5 Nf6 3. Nf3 Nxd5 4. d4 g6 5. c4 Nf6 6. Nc3 Bg7 7. Be2 O-O 8.
O-O c6 9. h3 a6 10. Bf4 b5 11. b3 Nbd7 12. Rc1 bxc4 13. bxc4 Nh5 14. Bh2 Bh6
15. Nd2 Ndf6 16. Nb3 Bxc1 17. Qxc1 Ng7 18. Bf3 Be6 19. Na4 Rc8 20. Re1 Nd7 21.
Bf4 Nb6 22. Nb2 f6 23. Nc5 Bf7 24. Qc3 Nf5 25. Bg4 Qxd4 26. Qxd4 Nxd4 27. Bxc8
Nxc8 28. Nxa6 e5 29. Bd2 Nb6 30. a4 Nxc4 31. Nxc4 Bxc4 32. Nc5 Nb3 33. Nxb3
Bxb3 34. a5 Bc4 35. f4 Re8 36. fxe5 fxe5 37. Rc1 Bb5 38. Be3 Kf7 39. a6 Bxa6
40. Rxc6 Bd3 41. Bg5 Rb8 42. Rf6+ Kg7 43. Rd6 Rb1+ 1/2-1/2

[Event "26th WSCC 2016 Women 50+"]
[Site "Marianske Lazne, Czech Republic - Hotel Cristal"]
[Date "2016.11.22"]
[Round "4.3"]
[White "Strutinskaia, Galina"]
[Black "Kasoshvili, Tsiala"]
[Result "1/2-1/2"]
[WhiteElo "2266"]
[BlackElo "2117"]
[PlyCount "108"]
[EventDate "2016.11.19"]

1. d4 g6 2. e4 c6 3. Nc3 Bg7 4. Bc4 d6 5. Qf3 e6 6. Nge2 Nd7 7. Bf4 Qe7 8. Bb3
e5 9. Bg5 Ngf6 10. Rd1 h6 11. Be3 O-O 12. O-O exd4 13. Bxd4 Ne5 14. Qg3 Kh7 15.
f3 b5 16. Nf4 a5 17. a4 b4 18. Nce2 Ba6 19. Rfe1 Rac8 20. Be3 Nfd7 21. Nc1 Nf6
22. h3 g5 23. Nfe2 c5 24. c3 Rcd8 25. Qf2 Kg8 26. Ng3 Bc8 27. Bd5 Nxd5 28. exd5
Qd7 29. Nh5 Nc4 30. Nxg7 Nxe3 31. Qxe3 Kxg7 32. cxb4 axb4 33. b3 Rfe8 34. Qd2
Qf5 35. Qb2+ Qf6 36. Qd2 Bb7 37. Ne2 Re5 38. Ng3 Kf8 39. Rxe5 Qxe5 40. Ne4 f5
41. Nf2 Re8 42. h4 Qe3 43. Qc2 Re5 44. hxg5 hxg5 45. Kh2 Bxd5 46. Rd3 Qe1 47.
Qb2 Kg8 48. a5 f4 49. a6 Re7 50. Rxd5 Rh7+ 51. Nh3 Qg3+ 52. Kg1 Qe1+ 53. Kh2
Qg3+ 54. Kg1 Qe1+ 1/2-1/2

[Event "26th WSCC 2016 Women 50+"]
[Site "Marianske Lazne, Czech Republic - Hotel Cristal"]
[Date "2016.11.22"]
[Round "4.4"]
[White "Richtrova, Eliska"]
[Black "Ivanova, Tatiana"]
[Result "1-0"]
[WhiteElo "2188"]
[BlackElo "2108"]
[PlyCount "75"]
[EventDate "2016.11.19"]

1. Nf3 d5 2. g3 Nf6 3. Bg2 Bf5 4. c4 e6 5. O-O Be7 6. b3 O-O 7. Bb2 c5 8. cxd5
exd5 9. d4 Nc6 10. dxc5 Ne4 11. Nc3 Nxc3 12. Bxc3 Bxc5 13. Nd4 Bg6 14. Nxc6
bxc6 15. b4 Be7 16. Rc1 Bf6 17. Qa4 d4 18. Bd2 Bh5 19. Rfe1 Bg5 20. Bxg5 Qxg5
21. Qxc6 Rad8 22. Qc5 f5 23. Rcd1 Qf6 24. Bd5+ Bf7 25. Bxf7+ Rxf7 26. Rd3 g5
27. Red1 Rfd7 28. e3 Kf7 29. Rxd4 Rxd4 30. Rxd4 Rxd4 31. Qxa7+ Ke6 32. Qxd4 Qe7
33. e4 f4 34. Qc5 Qe8 35. Qd5+ Kf6 36. Qf5+ Kg7 37. Qxg5+ Kh8 38. Qxf4 1-0

[Event "26th WSCC 2016 Women 50+"]
[Site "Marianske Lazne, Czech Republic - Hotel Cristal"]
[Date "2016.11.22"]
[Round "4.5"]
[White "Sazonova, Elena N"]
[Black "Mednikova, Svetlana"]
[Result "1/2-1/2"]
[WhiteElo "2113"]
[BlackElo "2195"]
[PlyCount "115"]
[EventDate "2016.11.19"]

1. e4 e6 2. d3 d5 3. Nd2 c5 4. g3 g6 5. Bg2 Bg7 6. Ngf3 Ne7 7. O-O Nbc6 8. c3
O-O 9. Re1 Qc7 10. Qe2 b5 11. Nf1 Bb7 12. h4 b4 13. e5 Ba6 14. N1h2 Qa5 15. Qc2
Rab8 16. Bf4 h5 17. g4 bxc3 18. bxc3 Qb5 19. Red1 Qb2 20. Rac1 Qxc2 21. Rxc2
Bb5 22. Rb2 a5 23. Bf1 a4 24. Rdb1 Ba6 25. Rb6 Ra8 26. Be2 Rfc8 27. Kf1 Rc7 28.
R6b2 Kf8 29. Ke1 Raa7 30. Kd2 Rcb7 31. Rxb7 Rxb7 32. Rxb7 Bxb7 33. Bd1 a3 34.
Kc2 Ba6 35. Be2 Ke8 36. Kb3 c4+ 37. dxc4 Na5+ 38. Kxa3 Bxc4 39. Bd1 Nec6 40.
gxh5 gxh5 41. Kb2 Bd3 42. Bb3 Nc4+ 43. Bxc4 Bxc4 44. a4 Kd7 45. Kc2 Ke8 46. Kd2
Bb3 47. Nd4 Bxa4 48. Nxc6 Bxc6 49. Ke3 Bb5 50. Nf3 Ba4 51. Ne1 Bd1 52. Kd4 Be2
53. Bg5 Bf8 54. Ke3 Bf1 55. Kf3 Bc5 56. Nc2 Bd3 57. Nd4 Bxd4 58. cxd4 1/2-1/2

[Event "26th WSCC 2016 Women 50+"]
[Site "Marianske Lazne, Czech Republic - Hotel Cristal"]
[Date "2016.11.22"]
[Round "4.6"]
[White "Birkholz, Olga"]
[Black "Liu, Shilan"]
[Result "1/2-1/2"]
[WhiteElo "2064"]
[BlackElo "2249"]
[PlyCount "136"]
[EventDate "2016.11.19"]

1. g3 c5 2. Bg2 g6 3. Nc3 Bg7 4. e3 Nc6 5. b3 Nf6 6. Bb2 O-O 7. Na4 d6 8. Ne2
e5 9. d3 Bd7 10. c4 Rb8 11. O-O b6 12. Nac3 Qe7 13. Qd2 Rbc8 14. Rad1 Bg4 15.
h3 Bxe2 16. Qxe2 Rfe8 17. Kh2 a6 18. Rd2 Qd8 19. Qd1 Qc7 20. Ne4 Nxe4 21. dxe4
Rcd8 22. Qg4 Qe7 23. Rfd1 h5 24. Qf3 Bf8 25. h4 Kg7 26. Qe2 Kh7 27. Bh3 Bg7 28.
Qf3 Rh8 29. a3 Bf8 30. Qe2 Bg7 31. Qf3 Rhe8 32. Qe2 Kg8 33. Bc3 a5 34. Rd3 Bf8
35. Qf3 Nb8 36. R3d2 Na6 37. Rg1 Bg7 38. g4 Qxh4 39. gxh5 Qxh5 40. Qxh5 gxh5
41. f4 Kf8 42. Rg5 f6 43. Rf5 Nc7 44. Rf2 Kg8 45. Rxh5 Ne6 46. Bf5 Kf7 47. Kg3
Rh8 48. Rfh2 Rxh5 49. Rxh5 exf4+ 50. exf4 a4 51. bxa4 Ra8 52. a5 bxa5 53. Rh1
Nf8 54. Rh2 a4 55. Rb2 Ra7 56. Bg4 Ke7 57. Bd1 Nd7 58. Rb5 Nf8 59. Ra5 Rxa5 60.
Bxa5 f5 61. exf5 Bb2 62. Bxa4 Bxa3 63. Bc3 Nh7 64. Bc6 Bc1 65. Kg4 Be3 66. Kf3
Bc1 67. Kg4 Be3 68. Kf3 Bc1 1/2-1/2

[Event "26th WSCC 2016 Women 50+"]
[Site "Marianske Lazne, Czech Republic - Hotel Cristal"]
[Date "2016.11.22"]
[Round "4.7"]
[White "Burchardt, Brigitte"]
[Black "Milligan, Helen"]
[Result "1-0"]
[WhiteElo "2204"]
[BlackElo "2053"]
[PlyCount "115"]
[EventDate "2016.11.19"]

1. e4 e5 2. Bc4 Nf6 3. d3 Nc6 4. Nf3 Be7 5. O-O d6 6. a4 O-O 7. Re1 Na5 8. Ba2
c5 9. c3 Nc6 10. Na3 Bg4 11. h3 Bh5 12. Nc4 Kh8 13. Ne3 Qd7 14. Kh2 Rae8 15.
Rg1 Ng8 16. g4 Bg6 17. h4 f6 18. h5 Bf7 19. Bxf7 Rxf7 20. Nh4 Nh6 21. Nef5 Nxf5
22. gxf5 d5 23. Qf3 dxe4 24. dxe4 Bf8 25. Be3 b6 26. Rad1 Qc7 27. Rg3 Na5 28.
Rdg1 Rd8 29. Ng6+ Kg8 30. Nh4 Kh8 31. h6 Nc4 32. Bc1 Nd2 33. Qg2 Nb3 34. Be3 c4
35. Qh3 Nc5 36. f3 Nd3 37. Ng6+ Kg8 38. Nxf8 Kxf8 39. Rxg7 Rxg7 40. Rxg7 Rd7
41. Rg1 Rf7 42. Qg2 Ke7 43. Qc2 Qd8 44. b3 Qf8 45. Qd2 Ke8 46. bxc4 Rd7 47. Rg7
Nc5 48. Rxd7 Nxd7 49. a5 Qf7 50. axb6 Nxb6 51. Qd6 Qxc4 52. Kg3 Qg8+ 53. Kh3
Qc4 54. Qxf6 Qxc3 55. Qh8+ Kd7 56. Qxh7+ Kc6 57. Qg6+ Kb5 58. Qg1 1-0

[Event "26th WSCC 2016 Women 50+"]
[Site "Marianske Lazne, Czech Republic - Hotel Cristal"]
[Date "2016.11.22"]
[Round "4.8"]
[White "Sirotkina, Nina"]
[Black "Schulz, Petra"]
[Result "1-0"]
[WhiteElo "2178"]
[BlackElo "2101"]
[PlyCount "95"]
[EventDate "2016.11.19"]

1. d4 Nf6 2. Nf3 g6 3. Bg5 Bg7 4. Nbd2 d5 5. e3 h6 6. Bf4 Nbd7 7. h3 c5 8. c3
O-O 9. Be2 b6 10. O-O Bb7 11. Ne5 Nxe5 12. Bxe5 Nd7 13. Bxg7 Kxg7 14. f4 Nf6
15. Qe1 Qd6 16. Bd3 Ne4 17. a4 a5 18. Rd1 Bc6 19. Bc2 Bb7 20. Nxe4 dxe4 21. Rf2
f5 22. dxc5 Qxc5 23. Rfd2 Bc6 24. h4 Rf6 25. Bb3 Raf8 26. Qg3 Kh7 27. Rd4 Rd6
28. Rxd6 exd6 29. Rd4 b5 30. axb5 Bxb5 31. h5 Rf6 32. Qh4 Kg7 33. hxg6 Be8 34.
Bf7 Bxf7 35. gxf7 Kxf7 36. Qh5+ Ke7 37. Qe2 Qb6 38. Rd5 Rf8 39. Rb5 Qa7 40. Kh2
a4 41. Qd2 Kd7 42. Qd5 Kc7 43. c4 Qa6 44. Qe6 Qc8 45. Qe7+ Kc6 46. Qa7 Qa8 47.
Rb6+ Kc5 48. Qc7+ 1-0

[Event "26th WSCC 2016 Women 50+"]
[Site "Marianske Lazne, Czech Republic - Hotel Cristal"]
[Date "2016.11.22"]
[Round "4.9"]
[White "Mira, Helene"]
[Black "Bogumil, Tatiana"]
[Result "0-1"]
[WhiteElo "2047"]
[BlackElo "2124"]
[PlyCount "164"]
[EventDate "2016.11.19"]

1. Nf3 Nf6 2. c4 b6 3. g3 Bb7 4. Bg2 e6 5. d4 Bb4+ 6. Bd2 a5 7. O-O O-O 8. Nc3
Bxc3 9. Bxc3 Ne4 10. Be1 d6 11. Qc2 Nf6 12. b3 Nbd7 13. Bc3 Ra7 14. Rad1 Be4
15. Qc1 Qa8 16. Qf4 d5 17. Rc1 a4 18. c5 bxc5 19. dxc5 Bxf3 20. Bxf3 c6 21. b4
a3 22. g4 Qb8 23. Qg3 Qxg3+ 24. hxg3 Rb8 25. g5 Ne8 26. Rb1 Nc7 27. e3 Nb5 28.
Bd2 e5 29. Be2 f5 30. f4 g6 31. Rb3 Nf8 32. g4 exf4 33. gxf5 gxf5 34. Rxf4 Rf7
35. Bd3 Ne6 36. Rxf5 Rxf5 37. Bxf5 Nxg5 38. Kg2 Ne4 39. Bxe4 dxe4 40. Bc1 Kf7
41. Bxa3 Ra8 42. Bb2 Rxa2 43. Kg3 Ke6 44. Bg7 Ra7 45. Bh6 Kd5 46. Rb1 Rf7 47.
Rc1 Rf3+ 48. Kg2 Rf6 49. Bf4 Rg6+ 50. Kf2 Rg7 51. Rh1 Kc4 52. Rh6 Rg6 53. Rxh7
Kxb4 54. Re7 Nc3 55. Bd6 Rf6+ 56. Kg2 Rg6+ 57. Kf2 Kc4 58. Re8 Rf6+ 59. Kg2
Rg6+ 60. Kf2 Kd3 61. Bf4 Nd1+ 62. Kf1 Nxe3+ 63. Bxe3 Kxe3 64. Rc8 Rf6+ 65. Ke1
Rh6 66. Kf1 Kd4 67. Rd8+ Kxc5 68. Kf2 Rd6 69. Rc8 Kd4 70. Ke2 c5 71. Rc7 c4 72.
Rc8 c3 73. Rc7 Rd5 74. Rc8 Rc5 75. Rd8+ Ke5 76. Re8+ Kd6 77. Rd8+ Ke7 78. Rd1
Ke6 79. Ke3 c2 80. Rc1 Ke5 81. Ke2 Kd4 82. Kd2 Rc8 0-1

[Event "26th WSCC 2016 Women 50+"]
[Site "Marianske Lazne, Czech Republic - Hotel Cristal"]
[Date "2016.11.22"]
[Round "4.10"]
[White "Bazantova, Marie"]
[Black "Korinkova, Eva"]
[Result "1-0"]
[WhiteElo "1936"]
[BlackElo "1792"]
[PlyCount "75"]
[EventDate "2016.11.19"]

1. e4 b6 2. d4 Bb7 3. Bd3 e6 4. c4 d5 5. exd5 exd5 6. Nf3 Nf6 7. O-O Be7 8. Nc3
Nc6 9. Bg5 dxc4 10. Bxc4 O-O 11. a3 h6 12. Bh4 Ne8 13. Bxe7 Qxe7 14. Re1 Qd7
15. d5 Na5 16. Ba2 Ba6 17. Ne5 Qd6 18. b4 f6 19. Ng6 Nc4 20. b5 Bxb5 21. Nxb5
Qc5 22. Nd4 Rf7 23. Ne6 Qb5 24. Rb1 Qa6 25. Qe2 Ned6 26. Rb4 b5 27. Bxc4 bxc4
28. Qb2 Qa5 29. Nef4 Kh7 30. h4 Nf5 31. Rc1 Nd6 32. h5 Re8 33. Qc2 f5 34. Qb2
Ne4 35. Rbxc4 Nf6 36. Rc5 Qa4 37. Qc2 Qxa3 38. Qxf5 1-0

[Event "26th WSCC 2016 Women 50+"]
[Site "Marianske Lazne, Czech Republic - Hotel Cristal"]
[Date "2016.11.22"]
[Round "4.11"]
[White "Kierzek, Mira"]
[Black "Baliuniene, Margarita"]
[Result "1/2-1/2"]
[WhiteElo "2005"]
[BlackElo "1877"]
[PlyCount "58"]
[EventDate "2016.11.19"]

1. d4 d5 2. c4 e6 3. Nc3 Nf6 4. Bg5 Be7 5. e3 Nbd7 6. Nf3 O-O 7. Rc1 b6 8. cxd5
exd5 9. Bd3 Bb7 10. O-O c5 11. Re1 Ne4 12. Bf4 Nxc3 13. bxc3 c4 14. Bc2 Re8 15.
Nd2 Nf6 16. Qf3 Ba3 17. Rb1 a6 18. Nxc4 dxc4 19. Qxb7 Nd5 20. Bf5 Nxc3 21. Rxb6
Nd5 22. Rbb1 Nxf4 23. exf4 Qxd4 24. Qc6 Rxe1+ 25. Rxe1 Rd8 26. g3 g6 27. Bc2
Bc5 28. Re2 a5 29. Kg2 Kg7 1/2-1/2

[Event "26th WSCC 2016 Women 50+"]
[Site "Marianske Lazne, Czech Republic - Hotel Cristal"]
[Date "2016.11.22"]
[Round "4.12"]
[White "Khropova, Larisa"]
[Black "Beltz, Martina"]
[Result "1/2-1/2"]
[WhiteElo "1981"]
[BlackElo "2066"]
[PlyCount "111"]
[EventDate "2016.11.19"]

1. d4 Nf6 2. c4 e6 3. g3 d5 4. Bg2 Be7 5. Nc3 O-O 6. Nf3 b6 7. cxd5 exd5 8. O-O
Bb7 9. Bf4 c5 10. Rc1 Nc6 11. Qd3 Re8 12. Rfd1 Nb4 13. Qb1 Rc8 14. Bh3 Ra8 15.
a3 Na6 16. Bf5 g6 17. Bc2 Qc8 18. Ba4 Rd8 19. Bg5 Qe6 20. Bxf6 Bxf6 21. Qd3
Rac8 22. e3 Nc7 23. Qf1 Qg4 24. Qg2 Bg7 25. h3 Qe6 26. Ng5 Qe7 27. h4 h6 28.
Nf3 Ne6 29. Bc2 cxd4 30. exd4 Rc4 31. Bb3 Nxd4 32. Nxd4 Rxd4 33. Rxd4 Bxd4 34.
Nxd5 Qe5 35. Nf6+ Qxf6 36. Qxb7 Bxf2+ 37. Kg2 Bxg3 38. Qxf7+ Qxf7 39. Bxf7+
Kxf7 40. Kxg3 Rd2 41. Rc7+ Kf6 42. Rxa7 Rxb2 43. Rb7 Rb3+ 44. Kf4 g5+ 45. hxg5+
hxg5+ 46. Kg4 Ke5 47. Kxg5 b5 48. Kg4 Ke4 49. Rb8 Kd4 50. Kf4 Kc4 51. Ra8 Rd3
52. Ke4 Rh3 53. Rc8+ Kb3 54. Ra8 Kb2 55. Ra5 Rxa3 56. Rxb5+ 1/2-1/2